Towards improved construction waste minimisation: a need for improved supply chain integration (Record no. 74368)
[ view plain ]
| 000 -LEADER | |
|---|---|
| fixed length control field | 01288cab a2200217 4500 |
| 001 - CONTROL NUMBER | |
| control field | ABS67780 |
| 008 - FIXED-LENGTH DATA ELEMENTS--GENERAL INFORMATION | |
| fixed length control field | 040415n2004 000 0 eng u |
| 035 ## - SYSTEM CONTROL NUMBER | |
| System control number | (Sirsi) u125839 |
| 100 ## - MAIN ENTRY--PERSONAL NAME | |
| Personal name | Dainty, A. |
| 245 ## - TITLE STATEMENT | |
| Title | Towards improved construction waste minimisation: a need for improved supply chain integration |
| 260 ## - PUBLICATION, DISTRIBUTION, ETC. | |
| Date of publication, distribution, etc. | 2004 |
| 490 ## - SERIES STATEMENT | |
| Series statement | Structural Survey |
| Volume/sequential designation | 22(1) 2004, 20-29(10) |
| 520 ## - SUMMARY, ETC. | |
| Summary, etc. | Research exploring the efficacy of measures used for minimising waste in high profile UK-based projects. The case studies revealed a diverse range of waste strategies, the broader applicability of which was then explored via a questionnaire survey of waste minimisation specialists. The most effective measures were deemed to be those that fostered waste minimisation partnerships throughout the supply chain. Questions remain, however, as to whether the industry is culturally prepared for the collaborative relationships necessary to engender radical improvements in waste minimisation performance. Tables, graphs and references. [Taken from journal abstract]. |
| 590 ## - LOCAL NOTE (RLIN) | |
| Local note | ABS |
| 650 ## - SUBJECT ADDED ENTRY--TOPICAL TERM | |
| Topical term or geographic name entry element | WASTE MINIMISATION |
| 650 ## - SUBJECT ADDED ENTRY--TOPICAL TERM | |
| Topical term or geographic name entry element | SURVEYS |
| 650 ## - SUBJECT ADDED ENTRY--TOPICAL TERM | |
| Topical term or geographic name entry element | SUPPLY CHAIN MANAGEMENT |
| 690 ## - LOCAL SUBJECT ADDED ENTRY--TOPICAL TERM (OCLC, RLIN) | |
| Topical term or geographic name as entry element | ENVIRONMENTAL AND LAND CONSULTANCY-WASTE MANAGEMENT |
| 700 ## - ADDED ENTRY--PERSONAL NAME | |
| Personal name | Brooke, R. |
| 942 ## - ADDED ENTRY ELEMENTS (KOHA) | |
| Suppress in OPAC | 0 |
| Withdrawn status | Lost status | Source of classification or shelving scheme | Damaged status | Not for loan | Home library | Current library | Shelving location | Date acquired | Total Checkouts | Full call number | Barcode | Date last seen | Copy number | Price effective from | Koha item type |
|---|---|---|---|---|---|---|---|---|---|---|---|---|---|---|---|
| Dewey Decimal Classification | London | London | Journal article | 15/04/2004 | ABS67780 | 125839-1001 | 06/08/2019 | 1 | 06/08/2019 | Journal article |